000 00462nam a2200181Ia 4500
005 20240823060805.0
008 240823s9999||||xx |||||||||||||| ||und||
041 _aENGLISH
082 _A005.73 P9
100 _aMark Allen Weiss
245 0 _aData Structures and Algorithm analysis in C
250 _a2nd
260 _c2009
_bPearson Educ
500 _aTRANSFERED
650 _aData Structues & Program
_bComputer Science
942 _cBK
999 _c231974
_d231974